00684nam a2200241 a 4500001001300000003000900013005001700022008004100039020001000080082001700090100002400107245002100131260005400152300000800206500003500214505000900249650001300258700002400271902000800295942000700303952011700310999001500427nice12345678IN_TiNIC20260116011744.0050524s1954 hyda grp 000 0 urd  ac10000a297.831bRAS aRusdi, Khuda Bakhsh aBustan-E-Vilayat aHyderabad bMarkazi Anjuman Taleemus Salat c1954 a88p aincludes index and biblioraphy2 aill. aMahdavia1 aRusdi, Khuda Bakhsh bSRS cBK 001040708StackRoom-aHMIbHMId2007-06-29g100.00l0o297.831 RASp06051r2007-06-29v100.00w2005-05-24yBK c3730d3730